| 000 | 00509nam a2200169 4500 | ||
|---|---|---|---|
| 001 | 132383 | ||
| 003 | ES-MaACL | ||
| 005 | 20260601155229.0 | ||
| 007 | t| | ||
| 008 | 070214s1913 fr r ||||1| fre d | ||
| 100 | 1 |
_aRolland, Romain, _d1866-1944 _9239240 |
|
| 245 | 1 | 3 |
_aLe theatre du peuple _b: essai d'esthetique d'un theatre nouveau / _cRomain Rolland. |
| 260 |
_aParis : _b[s.n.], _c1913 ( _fImp. Paul Brodard) |
||
| 300 |
_aXII, 224 p. ; _c19 cm. |
||
| 852 |
_aES-MaACL _jF-11136 |
||
| 999 |
_c132383 _d132383 |
||